000 00299nam a2200109 a 4500
005 20140414131950.0
008 110202s19uu xx 00 eng d
050 _aTR 370.78
_bSu7 2004
100 _aSunga, Nilda
245 _aA teacher's package on the art of classroom questioning.
999 _c112757
_d112757